| 000 | 00579nam a2200205 a 4500 | ||
|---|---|---|---|
| 001 | 85175 | ||
| 003 | BD-RjUL | ||
| 005 | 20250710133441.0 | ||
| 008 | 250710s1891 enk||||| |||| 00| 0 eng d | ||
| 035 | _a(BD-RjUL)85175 | ||
| 040 |
_aBD-RjUL _beng _cBD-RjUL |
||
| 041 | _aeng | ||
| 082 |
_223 _a823 _bCOT 1891 |
||
| 100 |
_aCox. George William _915983 |
||
| 245 |
_aTales of the gods and heroes / _cby the rev. George William Cox |
||
| 260 |
_aLondon : _b Kegan Paul, Trench, Trübner , _c1891 |
||
| 300 |
_aVI, 205 p.; _c18 cm. |
||
| 650 | _aEnglish Fiction | ||
| 942 |
_2ddc _cBK |
||
| 999 |
_c85175 _d85175 |
||